|
|
|
|
| LEADER |
00000naa2a2200000 4500 |
| 001 |
108305 |
| 005 |
20231031115603.0 |
| 035 |
|
|
|a (RuTPU)RU\TPU\book\116916
|
| 090 |
|
|
|a 108305
|
| 100 |
|
|
|a 20070118d2006 k y0rusy50 ca
|
| 101 |
0 |
|
|a rus
|
| 102 |
|
|
|a RU
|
| 200 |
1 |
|
|a Оптимизация этапов проектирования в средах САПР для повышения качества трассировки ПП
|f Е. А. Аришин, С. К. Кутявина
|
| 320 |
|
|
|a Библиогр.: 2 назв.
|
| 463 |
|
0 |
|0 (RuTPU)RU\TPU\book\108762
|t Молодежь и современные информационные технологии
|o сборник трудов IV Всероссийской научно-практической конференции студентов, аспирантов и молодых ученых, г. Томск, 28 февраля - 2 марта 2006 г.
|f Томский политехнический университет; Молодежь и современные информационные технологии
|v С. 19-20
|d 2006
|p 418 с.
|
| 610 |
1 |
|
|a САПР
|
| 610 |
1 |
|
|a проектирование
|
| 610 |
1 |
|
|a трассировка
|
| 610 |
1 |
|
|a качество
|
| 610 |
1 |
|
|a электронная аппаратура
|
| 610 |
1 |
|
|a информационные технологии
|
| 610 |
1 |
|
|a программные комплексы
|
| 610 |
1 |
|
|a труды учёных ТПУ
|
| 700 |
|
1 |
|a Аришин
|b Е. А.
|
| 701 |
|
1 |
|a Кутявина
|b С. К.
|
| 801 |
|
1 |
|a RU
|b 63413507
|c 20070118
|g PSBO
|
| 942 |
|
|
|c BK
|